Normal view
MARC view
- تأليف الجرجاني،عبد القاهر؛ صححة :محمد عبده؛ محمد محمود التركزي الشنقيطي؛علق علية محمد رشيد رضا
Entry Personal Name
001 - CONTROL NUMBER
- control field: 11592
003 - CONTROL NUMBER IDENTIFIER
- control field: JO-AjAnu
005 - DATE AND TIME OF LATEST TRANSACTION
- control field: 20230606072147.0
008 - FIXED-LENGTH DATA ELEMENTS
- fixed length control field: 230606|| aca||aabn | a|a d
040 ## - CATALOGING SOURCE
- Original cataloging agency: JO-AjAnu
- Transcribing agency: JO-AjAnu
100 ## - HEADING--PERSONAL NAME
- Personal name: تأليف الجرجاني،عبد القاهر؛ صححة :محمد عبده؛ محمد محمود التركزي الشنقيطي؛علق علية محمد رشيد رضا
670 ## - SOURCE DATA FOUND
- Source citation: Work cat.: (JO-AjAnu)5972: تأليف الجرجاني،عبد القاهر؛ صححة :محمد عبده؛ محمد محمود التركزي الشنقيطي؛علق علية محمد رشيد رضا, author, دلائل الإعجاز في علم المعاني